00896nam a2200241 a 4500001000700000003000900007005001700016008004100033020001500074040001800089041000800107082001100115100005400126245014400180260006400324300001700388490005200405650002400457650003300481942001200514999001900526952010900545114593DR-UNIBE20260422101541.0260422s2005 mx b 001 0 spa  a9707124814 aDLCcDLCerda aspa aF 5816 aPérez Tremps, Pablo,d 1956-2021eautor920325810aTribunal constitucional y tribunales ordinarios : bperspectivas del sistema de justicia constitucional en España /cPablo Pérez Tremps aMéxico :bSuprema Corte de Justicia de la Nación,c2005 a54 páginas aColección de pensamiento jurídico ;vno. 20 72lembaDerecho penal 72lembaDerecho constitucional 2ddccMX c114593d114593 00102ddc708FOLaPrincipald2026-01-01l0oF 5816pF250188r2026-04-22 10:20:59tEj. 1w2026-04-22yMX